Die Krise des liberalen Systems und die faschistischen Bewegungen /

Hlavní autor: Nolte, Ernst, 1923-2016
Jazyk: Němčina
Vydáno: München : R. Piper & Co. Verlag, 1968
Fyzický popis: 475 s.
Knihy
Uloženo v:
LEADER 00632nam a22001932a 4500
001 000325766
003 CZ BrMZK
005 20111116135652.0
007 ta
008 980105s1968 gw f ger d
040 |a BOA001  |b cze 
100 1 |a Nolte, Ernst,  |d 1923-2016  |7 jn19990006158  |4 aut 
245 1 4 |a Die Krise des liberalen Systems und die faschistischen Bewegungen /  |c Ernst Nolte 
260 |a München :  |b R. Piper & Co. Verlag,  |c 1968 
300 |a 475 s. 
504 |a Obsahuje bibliografii 
910 |a BOA001  |b 2-0776.587 
990 |a BK 
996 7 |b 2619813229  |c 2-0776.587  |l MZK  |r Sklad / do 1 hodiny  |n 2  |w 000325766  |u 000010  |a 1  |e BOA001  |j MZK50  |s A